Mimì /

Uloženo v:
Podrobná bibliografie
Hlavní autor: Marnier, Sébastien (Autor)
Další autoři: Bonetti, Giacomo
Médium: Kniha
Jazyk:italština
Vydáno: Roma : Playground, 2012
Tagy: Přidat tag
Žádné tagy, Buďte první, kdo vytvoří štítek k tomuto záznamu!

MARC

LEADER 00000nam a22000007i 4500
001 IT\ICCU\TO0\1862015
003 ItRI
005 20260115232151.0
008 121115s2012 it |||||| ||||| |||||c
020 |a 9788889113622 
040 |b ita  |c importazione bologna sebina 
041 7 |a ita  |2 ISO-639-2 
082 |a 843.92  |9 NARRATIVA FRANCESE, 2000-  |2 21 
100 1 |a Marnier, Sébastien  |0 IT\ICCU\TO0V\652871  |4 aut 
240 1 0 |a Mimi  |3 IT\ICCU\TO0\1862016  |9 Marnier, Sébastien 
245 1 0 |a Mimì /  |c Sébastien Marnier ; traduzione di Giacomo Bonetti. 
260 |a Roma :  |b Playground,  |c 2012 
300 |a 364 p. ;  |c 20 cm 
700 1 |a Bonetti, Giacomo  |0 IT\ICCU\INTV\036874 
942 |2 ddc  |c BK  |n 0 
952 |0 0  |1 0  |4 0  |6 R_843_920000000000000_MAR  |7 0  |9 21295  |a BO  |b BO  |d 2026-01-15  |i 16760  |l 0  |o R 843.92 MAR  |p BO16760  |r 2026-01-15 23:21:51  |w 2026-01-15  |x [Sebina 5] [1 v.]  |y BK  |z 1 v. 
999 |c 18192  |d 18192